|
|
|
|
| LEADER |
01337ppm a22003018a 4500 |
| 001 |
00033730 |
| 005 |
20171026081023.0 |
| 008 |
151118s2013 ||||||viesd |
| 041 |
0 |
# |
|a vie
|
| 082 |
1 |
4 |
|b PH121T
|a 519.2
|
| 100 |
1 |
# |
|a Huỳnh, Thị Kim Loan
|
| 245 |
0 |
0 |
|a Phân tích thống kê lượng nhập viện tại Khoa nội tim mạch - Bệnh viện Đa khoa Bưu điện 2
|b Luận văn thạc sĩ toán học. Chuyên ngành: Lý thuyết xác suất và thống kê toán học. Mã số: 60.46.01.06
|c Huỳnh Thị Kim Loan; Hồ Đăng Phúc (hướng dẫn)
|
| 260 |
# |
# |
|a Hà Nội
|b Đại học sư phạm Hà Nội
|c 2013
|
| 300 |
# |
# |
|a 60 tr.
|c 30cm.
|e 1 bản tóm tắt
|
| 500 |
# |
# |
|a ĐTTTS ghi: Bộ giáo dục và đào tạo. Trường Đại học sư phạm Hà nội
|
| 653 |
# |
# |
|a Bệnh viện Đa khoa
|
| 653 |
# |
# |
|a Luận văn
|
| 653 |
# |
# |
|a Xác suất
|
| 653 |
# |
# |
|a Thống kê toán học
|
| 653 |
# |
# |
|a Lượng nhập viện
|
| 700 |
1 |
# |
|a Hồ, Đăng Phúc
|e Hướng dẫn
|
| 852 |
# |
# |
|j LV.0000511
|
| 852 |
# |
# |
|b Kho đọc SĐH
|j LV.0000511
|
| 910 |
|
|
|d 18/11/2015
|
| 980 |
# |
# |
|a Trung tâm Học liệu Lê Vũ Hùng, Trường Đại học Đồng Tháp
|